PUFFIN BOOK OF ANIMAL STORIES FOR 6 YEAR (Record no. 19978)
[ view plain ]
| 000 -LEADER | |
|---|---|
| fixed length control field | 00343nam a2200133Ia 4500 |
| 008 - FIXED-LENGTH DATA ELEMENTS--GENERAL INFORMATION | |
| fixed length control field | 240624s9999 xx 000 0 und d |
| 041 ## - LANGUAGE CODE | |
| Language code of text/sound track or separate title | eng |
| 082 ## - DEWEY DECIMAL CLASSIFICATION NUMBER | |
| Classification number | 823 PUF |
| 100 ## - MAIN ENTRY--PERSONAL NAME | |
| Personal name | MEHTANI HENU |
| 245 ## - TITLE STATEMENT | |
| Title | PUFFIN BOOK OF ANIMAL STORIES FOR 6 YEAR |
| 260 ## - PUBLICATION, DISTRIBUTION, ETC. | |
| Date of publication, distribution, etc. | 2012 |
| Place of publication, distribution, etc. | New Delhi |
| Name of publisher, distributor, etc. | Puffin Books |
| 300 ## - PHYSICAL DESCRIPTION | |
| Extent | 111 : p. : cm. ; 20 |
| 365 ## - TRADE PRICE | |
| Currency code | RS |
| Price amount | 25 |
| Withdrawn status | Lost status | Damaged status | Not for loan | Home library | Current library | Shelving location | Date acquired | Source of acquisition | Cost, normal purchase price | Total Checkouts | Full call number | Barcode | Date last seen | Date last checked out | Copy number | Price effective from | Koha item type |
|---|---|---|---|---|---|---|---|---|---|---|---|---|---|---|---|---|---|
| IMTN | IMTN | Rack 38-B | 10/03/2012 | AP | 150.00 | 1 | 823 PUF | 19978 | 01/30/2025 | 01/16/2025 | 1 | 06/24/2024 | Books |